|
|
|
|
| LEADER |
00000nab a2200000 a 4500 |
| 001 |
vtls008691565 |
| 005 |
20260419071011.0 |
| 008 |
060419c20060206xo dr n 000 00slo |
| 015 |
|
|
|a SNBRB2006/04SVKPO
|
| 040 |
|
|
|a SVKPOCL
|b slo
|c AACR2
|e AACR2
|
| 041 |
|
|
|a slo
|
| 044 |
|
|
|a xo
|c SK
|
| 080 |
|
|
|a 821.161.2 (437.6)-1=162.4
|2 2001
|
| 245 |
0 |
0 |
|a Okamih dojatia
|b po dlhom čase aj zbierka básní
|c [autor] (mor)
|
| 500 |
|
|
|a Z ukrajinčiny preložil Juraj Andričík
|
| 600 |
1 |
7 |
|a Bobák, Milan,
|d 1944-
|t Okamih dojatia
|2 SNKMA
|9 85701
|
| 650 |
0 |
7 |
|a ukrajinská poézia
|2 svkpocl
|9 59029
|
| 651 |
|
7 |
|a Slovensko
|2 SNKPHgeo
|9 14231
|
| 655 |
|
7 |
|a články z novín a časopisov
|2 snkbucl
|9 267496
|
| 773 |
0 |
|
|t Prešovský večerník
|g Roč. XVII, č. 3888 (6.2.2006), s. 3
|x 1336-4030
|
| 852 |
|
|
|a SVKPO
|
| 856 |
4 |
1 |
|u www.vecernik.po.sk
|
| 958 |
|
|
|a LX
|
| 958 |
|
|
|a UK
|
| 999 |
|
|
|c 1769054
|d 1770984
|